The Portfolio Connection Student Work Linked to Standards
Guardado en:
| Autor principal: | |
|---|---|
| Otros Autores: | , |
| Formato: | Libro |
| Lenguaje: | inglés |
| Publicado: |
Thousand Oaks
Corwin Press
2008
|
| Edición: | 3rd Edition |
| Materias: | |
| Etiquetas: |
Sin Etiquetas, Sea el primero en etiquetar este registro!
|
MARC
| LEADER | 00000nam a2200000 4500 | ||
|---|---|---|---|
| 001 | 0295174 | ||
| 005 | 20240416113609.4 | ||
| 020 | |a 978-1-4129-5974-2 | ||
| 020 | |a 978-1-4129-5973-5 | ||
| 041 | 0 | |a eng | |
| 044 | |a US | ||
| 245 | 1 | 0 | |a The Portfolio Connection |b Student Work Linked to Standards |c Susan Belgrad, Kay Burke, Robin Fogarty |
| 250 | |a 3rd Edition | ||
| 264 | 1 | |a Thousand Oaks |b Corwin Press |c 2008 | |
| 300 | |a 258 s. | ||
| 610 | 2 | 0 | |a portfólio |
| 610 | 2 | 0 | |a vzdelávanie |
| 610 | 2 | 0 | |a vyučovanie |
| 610 | 2 | 0 | |a testy |
| 610 | 2 | 0 | |a sebahodnotenie |
| 610 | 2 | 0 | |a konferencie |
| 610 | 2 | 0 | |a prezentácia |
| 100 | 1 | |a Belgrad, Susan | |
| 700 | 1 | |a Burke, Kay | |
| 700 | 1 | |a Fogarty, Robin | |